| 000 | 01048cam a2200313Mi 4500 | ||
|---|---|---|---|
| 001 | 82338 | ||
| 005 | 20230410130925.0 | ||
| 008 | 000101s1994 cl 000 0 spa d | ||
| 035 | _a(OCoLC)ocn254176391 | ||
| 040 |
_aGyGoGBV _erakwb _bger _cGBVCP |
||
| 020 | _a956734602X | ||
| 020 | _a9789567346028 | ||
| 024 | 8 | _aSPKT180155 | |
| 035 | _a(OCoLC)254176391 | ||
| 049 | _aGRAL | ||
| 050 | 1 | 4 |
_aPQ 8097 _bN454i 1994 |
| 100 | 1 |
_aNeruda, Pablo, _d1904-1973. |
|
| 245 | 1 | 0 |
_aIsla Negra / _cPablo Neruda ; fotografías, Antonio Larrea. |
| 260 |
_a[Santiago, Chile] : _bPehuén : _bEditorial Los Andes, _c[1994]. |
||
| 300 |
_a92 p. : _bcol. ill. ; _c25 cm. |
||
| 500 | _aBrief selections from Neruda's writings are juxtaposed with photographs of the author's home. | ||
| 600 | 1 | 0 |
_aNeruda, Pablo, _d1904-1973 _xHomes and haunts _zChile _zNegra Island _xPictorial works. |
| 651 | 0 |
_aNegra Island (Chile) _xPictorial works. |
|
| 650 | 4 | _aPoesía chilena. | |
| 700 | 1 | _aLarrea, Antonio. | |
| 942 |
_2lcc _cbk |
||
| 994 |
_aC0 _bDRFGD |
||
| 946 | _akk | ||
| 999 |
_c82845 _d82845 |
||